| 000 | 00680cam a2200241 4500 | ||
|---|---|---|---|
| 008 | 090401t1998 xxu||||| |||| 00| 0 eng d | ||
| 020 | _a1860812600 | ||
| 035 | _a(Sirsi) u91142 | ||
| 041 | _aeng | ||
| 050 | _a690 | ||
| 110 | _aBuilding Research Establishment | ||
| 245 | _aHardwoods for joinery and construction : test results and recommendations. | ||
| 260 |
_aLondon _bConstruction Research Communications Ltd _c1998 |
||
| 300 | _a16p. : ill. ; 30cm. | ||
| 350 | _a0 | ||
| 490 |
_aBRE Digest _v431 Part 3 |
||
| 650 | _aHARDWOODS | ||
| 650 | _aJOINERY | ||
| 650 | _aTIMBER | ||
| 690 | _aBUILT ENVIRONMENT-BUILDING MATERIALS | ||
| 942 | _n0 | ||
| 948 | _c05/02/1999 | ||
| 999 |
_c97612 _d97612 |
||